Statistics for Name The Actor #6

Click here to take the quiz!

General Stats

  • This quiz has been taken 32 times
  • The average score is 9 of 15

Answer Stats

Answer% Correct
Clint Eastwood
94%
Ben Affleck
90%
Vin Diesel
87%
Chris Hemsworth
84%
Kevin Bacon
84%
Mike Myers
77%
Javier Bardem
71%
Jake Gyllenhaal
65%
Jason Bateman
48%
Jesse Eisenberg
48%
Mahershala Ali
35%
Sean Astin
35%
Bill Nighy
29%
Andrew Lincoln
19%
Nicholas Hoult
19%

Score Distribution

Percentile by Number Answered

Percent of People with Each Score

Your Score History

You have not taken this quiz